|
|
|
|
| LEADER |
00000cam a2200000 4500 |
| 001 |
vtls012272967 |
| 003 |
SK-MaSNL |
| 005 |
20260331212740.0 |
| 008 |
250310s1997 xo crnp 000 0 slo |
| 020 |
|
|
|q (brožované)
|
| 040 |
|
|
|a SNK
|b slo
|c SNK
|e rda
|
| 041 |
0 |
|
|a slo
|
| 043 |
|
|
|a e-xo---
|
| 044 |
|
|
|a xo
|c SK
|
| 072 |
|
7 |
|a 37.016
|x Učebné osnovy. Vyučovacie predmety. Učebnice
|2 konspekt
|
| 072 |
|
7 |
|a 321
|x Politológia
|2 konspekt
|
| 080 |
|
|
|a 321
|2 2011
|
| 080 |
|
|
|a 94(437.6)
|2 2011
|
| 080 |
|
|
|a (075.8)
|2 2011
|
| 080 |
|
|
|a 930.2
|2 2011
|
| 100 |
1 |
|
|a Horná, Dagmar
|4 com
|9 11282
|
| 245 |
1 |
0 |
|a Dejiny slovenského politického myslenia
|b študijné texty pre poslucháčov politológie
|c zostavovatelia: Dagram Horná, Tibor Pichler
|
| 264 |
|
1 |
|a Bratislava
|b Katedra politológie Filozofickej fakulty UK
|c 1997
|
| 300 |
|
|
|a 410 strán
|c 30 cm
|
| 336 |
|
|
|a text
|b txt
|2 rdacontent
|
| 337 |
|
|
|a bez média
|b n
|2 rdamedia
|
| 338 |
|
|
|a zväzok
|b nc
|2 rdacarrier
|
| 500 |
|
|
|a Hrebeňová väzba
|
| 504 |
|
|
|a Obsahuje bibliografiu na strane 407-410
|
| 648 |
|
7 |
|a 19. storočie
|2 SNKPH
|9 277854
|
| 650 |
0 |
7 |
|a politické myslenie
|2 SNKPH
|9 4685
|
| 650 |
0 |
7 |
|a historické pramene
|2 SNKPH
|9 1975
|
| 650 |
0 |
7 |
|a historické dokumenty
|2 SNKPH
|9 75246
|
| 651 |
|
7 |
|a Slovensko
|x dejiny
|2 SNKPHgeo
|9 13278
|
| 655 |
|
7 |
|a učebnice vysokých škôl
|2 SNKPH
|9 70191
|
| 700 |
1 |
|
|a Pichler, Tibor
|4 com
|9 724193
|
| 852 |
|
|
|a Slovenská národná knižnica
|
| 954 |
|
|
|a odborná, vedecká literatúra pôvodná (slovenská)
|2 lita
|
| 958 |
|
|
|a NB
|
| 958 |
|
|
|a SP
|
| 999 |
|
|
|c 1131908
|d 1133838
|
| 952 |
|
|
|a SNK
|b SNK
|y PREZ
|7 0
|p 17A1536751
|o snkSB 101424
|i snk2025/4348
|8 7
|0 0
|1 0
|4 0
|d 2025-03-10
|l 0
|r 2026-02-24 19:05:53
|w 2026-02-24
|